| 000 | 00947nas a2200301 4500 | ||
|---|---|---|---|
| 001 | BR8207201 | ||
| 003 | BR-BrBNA | ||
| 005 | 20231205085348.0 | ||
| 007 | ta | ||
| 008 | 230509b bl.|||p| |||| 00| 00por d | ||
| 040 |
_aBR-BrBNA _bpor _cBiblioteca Nacional de Agricultura |
||
| 041 | _a(Pt) | ||
| 072 | _aF04 | ||
| 100 | 1 | _aVincentim Filho, V. | |
| 100 | 1 | _aPaulo, J.L.P. | |
| 100 | 1 | _aTeixeira, N.T. | |
| 245 | 1 | _aResposta a adubacao com micronutrientes em ensaio em vasos [Zn, Mo, Cu, Molibdenio, cobre, sulfato de amonio, superfosfato simples, cloreto de potassio] | |
| 650 | _aMICROELEMENTO | ||
| 650 | _aZINCO | ||
| 650 | _aMOLIBDENIO | ||
| 650 | _aCOBRE | ||
| 650 | _aSULFATO DE AMONIA | ||
| 650 | _aSUPERFOSFATO SIMPLES | ||
| 650 | _aCLORETO DE POTASSIO | ||
| 773 | 0 |
_tEcossistema (Brazil) _xISSN 0100-7017 _g(Sep 1982), v. 7(1) p. 143-145 _wBR8207201 |
|
| 909 |
_a202311 _bLúcia _c55 _dLúcia Elande |
||
| 942 |
_2AGRIS _n0 _cANA |
||
| 999 |
_c110988 _d110988 |
||